[Event "Homs Xeque Mate op"]
[Site "Sao Paulo"]
[Date "2018.10.27"]
[Round "1"]
[White "Bergo, Felipe Paulo Guazzi"]
[Black "Tsuchie, Pedro Pinheiro"]
[Result "0-1"]
[WhiteElo "1596"]
[BlackElo "1150"]
[PlyCount "156"]
[EventDate "2018.10.27"]
[EventType "swiss"]
[EventRounds "5"]
[EventCountry "BRA"]
[SourceTitle "CBM 187 Extra"]
[Source "ChessBase"]
[SourceDate "2018.11.04"]
[SourceVersion "1"]
[SourceVersionDate "2018.11.04"]
[SourceQuality "1"]

1. d4 d5 2. c4 e6 3. Nc3 Be7 4. e4 dxe4 5. Nxe4 c5 6. Nf3 Nf6 7. Nxf6+ Bxf6 8. Be3 0-0 9. Qd2 Qe7 10. dxc5 Rd8 11. Qc2 Na6 12. Be2 h6 13. 0-0 Nxc5 14. Rad1 Bd7 15. b3 Bc6 16. Nd4 Be4 17. Qc1 b6 18. Nf3 Rxd1 19. Rxd1 Kh7 20. Ne1 Rd8 21. Bf3 Rxd1 22. Qxd1 Bg6 23. g3 Nd7 24. Ng2 Ne5 25. Be2 Qa3 26. Qd2 Bb1 27. f4 Ng6 28. h4 Qxa2 29. h5 Nf8 30. Bd3+ Kg8 31. Bxb1 Qxb1+ 32. Kh2 Qxb3 33. c5 bxc5 34. Bxc5 Qb5 35. Bxa7 Qxh5+ 36. Kg1 Qd5 37. Qc2 Bd4+ 38. Bxd4 Qxd4+ 39. Kh2 Qd7 40. g4 Qd6 41. Qe4 Qd5 42. Qe3 Ng6 43. Kg3 e5 44. f5 Nf8 45. f6 g5 46. Ne1 Qd4 47. Ng2 Qxe3+ 48. Nxe3 Nd7 49. Nf5 Kh7 50. Nd6 Kg6 51. Kf3 Nxf6 52. Nc4 e4+ 53. Kg3 Nd7 54. Nd6 Nc5 55. Nf5 Ne6 56. Ne7+ Kf6 57. Ng8+ Kg7 58. Ne7 Nd4 59. Kf2 Ne6 60. Ke3 Nc5 61. Kd4 Nd7 62. Kxe4 Nf6+ 63. Kf5 Ng8 64. Nd5 f6 65. Ke6 Kg6 66. Ne3 h5 67. gxh5+ Kxh5 68. Kf7 f5 69. Kxg8 f4 70. Ng2 Kg4 71. Kg7 Kg3 72. Ne1 f3 73. Nc2 f2 74. Ne3 Kf3 75. Nf1 g4 76. Kf6 g3 77. Kf5 g2 78. Nd2+ Ke2 0-1

[Event "BRA-ch Amateur U1600"]
[Site "Sao Paulo"]
[Date "2018.06.01"]
[Round "3"]
[White "Mendes, Rafael Pacitti"]
[Black "Bergo, Felipe Paulo Guazzi"]
[Result "0-1"]
[WhiteElo "1493"]
[BlackElo "1560"]
[PlyCount "86"]
[EventDate "2018.05.31"]
[EventType "swiss"]
[EventRounds "7"]
[EventCountry "BRA"]
[SourceTitle "EXT 2021"]
[Source "ChessBase"]
[SourceDate "2020.10.23"]
[SourceVersion "1"]
[SourceVersionDate "2020.10.23"]
[SourceQuality "1"]

1. d4 d5 2. c4 c6 3. Nf3 Nf6 4. e3 e6 5. Nc3 Nbd7 6. Be2 c5 7. cxd5 exd5 8. dxc5 Nxc5 9. Bb5+ Bd7 10. Bxd7+ Qxd7 11. 0-0 a6 12. a3 Be7 13. b4 Nce4 14. Bb2 0-0 15. Qd3 Qf5 16. Qe2 Rac8 17. Nxe4 dxe4 18. Nd4 Qg6 19. f3 h6 20. fxe4 Nxe4 21. Nf5 Bf6 22. Bxf6 Qxf6 23. Rf4 Qxa1+ 24. Rf1 Rc1 25. a4 Rxf1+ 26. Qxf1 Qxf1+ 27. Kxf1 Rd8 28. b5 axb5 29. axb5 Nd6 30. Nd4 Kf8 31. Kf2 Ke7 32. Kf3 g6 33. Kf4 f5 34. g4 fxg4 35. Kxg4 Kf6 36. h4 Nf5 37. Nb3 Nxe3+ 38. Kf3 Nf5 39. Kf4 Nxh4 40. Nc5 g5+ 41. Kg4 Rd4+ 42. Kh5 Nf5 43. Nd7+ Kg7 0-1

[Event "BRA-ch Amateur U1600"]
[Site "Sao Paulo"]
[Date "2018.05.31"]
[Round "1"]
[White "Haraguchi, Diego Sashaki"]
[Black "Bergo, Felipe Paulo Guazzi"]
[Result "0-1"]
[WhiteElo "1302"]
[BlackElo "1560"]
[PlyCount "132"]
[EventDate "2018.05.31"]
[EventType "swiss"]
[EventRounds "7"]
[EventCountry "BRA"]
[SourceTitle "EXT 2021"]
[Source "ChessBase"]
[SourceDate "2020.10.23"]
[SourceVersion "1"]
[SourceVersionDate "2020.10.23"]
[SourceQuality "1"]

1. d4 Nf6 2. c4 c6 3. Nc3 d5 4. cxd5 cxd5 5. Nf3 Nc6 6. Bf4 a6 7. e3 Bg4 8. Be2 Bxf3 9. Bxf3 e6 10. a3 Be7 11. 0-0 0-0 12. Re1 Rc8 13. Rc1 Bd6 14. Bxd6 Qxd6 15. Re2 Ne7 16. Rec2 Rc6 17. Ne2 Rfc8 18. Rc3 g6 19. R1c2 Nf5 20. g3 Ne7 21. Qc1 Ne4 22. Rxc6 Rxc6 23. Rxc6 Nxc6 24. Nc3 Nxc3 25. Qxc3 h5 26. Kg2 b5 27. b4 Kg7 28. Be2 f5 29. f4 Kh6 30. h4 Kg7 31. Kf3 Kf7 32. Kg2 Na7 33. Kf1 Qc6 34. Qd2 Nc8 35. Kf2 Nd6 36. Bf3 Qc4 37. Qb2 Qd3 38. Be2 Nc4 39. Qc1 Qxa3 40. Qd1 Qxe3+ 41. Kg2 Qc3 42. Kh2 Qxb4 43. Bxh5 Qd2+ 44. Qxd2 Nxd2 45. Bd1 b4 46. h5 b3 47. hxg6+ Kxg6 48. Bxb3 Nxb3 49. Kh3 Nxd4 50. g4 fxg4+ 51. Kxg4 a5 52. f5+ Nxf5 53. Kf4 d4 54. Ke4 a4 55. Ke5 Kf7 56. Ke4 a3 57. Kd3 a2 58. Kc4 a1Q 59. Kd3 Qc3+ 60. Ke2 Ng3+ 61. Kf2 Qe3+ 62. Kg2 d3 63. Kh3 d2 64. Kg4 d1Q+ 65. Kh3 Nf5+ 66. Kh2 Qg3# 0-1

[Event "Curitiba op"]
[Site "Curitiba"]
[Date "2018.02.23"]
[Round "1"]
[White "Chang, Suzana"]
[Black "Bergo, Felipe Paulo Guazzi"]
[Result "0-1"]
[WhiteElo "2051"]
[BlackElo "1553"]
[PlyCount "34"]
[EventDate "2018.02.23"]
[EventType "swiss"]
[EventRounds "6"]
[EventCountry "BRA"]
[SourceTitle "EXT 2019"]
[Source "ChessBase"]
[SourceDate "2018.10.10"]
[SourceVersion "1"]
[SourceVersionDate "2018.10.10"]
[SourceQuality "1"]

1. e4 e5 2. Nc3 Nf6 3. g3 c6 4. Bg2 d6 5. d3 Be7 6. Nf3 Be6 7. Rb1 Nbd7 8. b4 Rb8 9. 0-0 h6 10. b5 c5 11. Ne1 Nb6 12. a4 Qc8 13. f4 Bh3 14. f5 Bxg2 15. Kxg2 Ra8 16. h4 Qd8 17. Bd2 Nh7 0-1

[Event "Hebraica op 25th"]
[Site "Hebraica"]
[Date "2018.01.14"]
[Round "5"]
[White "Bergo, Felipe Paulo Guazzi"]
[Black "Haraguchi, Diego Sashaki"]
[Result "1-0"]
[WhiteElo "1629"]
[BlackElo "1788"]
[PlyCount "65"]
[EventDate "2018.01.12"]
[EventType "swiss"]
[EventRounds "6"]
[EventCountry "BRA"]
[SourceTitle "CBM 182 Extra"]
[Source "ChessBase"]
[SourceDate "2018.02.23"]
[SourceVersion "1"]
[SourceVersionDate "2018.02.23"]
[SourceQuality "1"]

1. c4 c5 2. Nc3 Nc6 3. e4 g6 4. Nf3 Bg7 5. g3 e6 6. Bg2 Nge7 7. d3 d5 8. 0-0 0-0 9. a3 dxc4 10. dxc4 Bd7 11. Be3 b6 12. Qc1 Qc7 13. Bh6 Bc8 14. Bxg7 Kxg7 15. Re1 Bb7 16. a4 a5 17. Nb5 Qb8 18. Qc3+ Kg8 19. Rad1 Rd8 20. Qf6 Rxd1 21. Rxd1 Qf8 22. Nd6 Rd8 23. Ng5 Nd4 24. Rxd4 cxd4 25. Ndxf7 Qg7 26. Qxg7+ Kxg7 27. Nxd8 Ba6 28. b3 h6 29. Ngxe6+ Kf6 30. Nxd4 Nc8 31. f4 Ke7 32. N8c6+ Kd7 33. Ne5+ 1-0

[Event "Sao Sebastiao do Paraiso op 1st"]
[Site "Sao Sebastiao do Paraiso"]
[Date "2017.08.20"]
[Round "6"]
[White "Bergo, Felipe Paulo Guazzi"]
[Black "De Sousa, Vitor Hugo Campos"]
[Result "0-1"]
[WhiteElo "1625"]
[BlackElo "1560"]
[PlyCount "84"]
[EventDate "2017.08.18"]
[EventType "swiss"]
[EventRounds "6"]
[EventCountry "BRA"]
[SourceTitle "CBM 180 Extra"]
[Source "ChessBase"]
[SourceDate "2017.10.06"]
[SourceVersion "1"]
[SourceVersionDate "2017.10.06"]
[SourceQuality "1"]

1. e4 c5 2. c3 e6 3. d4 cxd4 4. cxd4 a6 5. Nf3 Qc7 6. Bd3 Nc6 7. 0-0 Nb4 8. Nc3 Nxd3 9. Qxd3 Be7 10. Be3 b6 11. Rac1 Qb8 12. d5 d6 13. a3 e5 14. b4 Nf6 15. Na4 Bd8 16. Nd2 Bd7 17. Nc3 0-0 18. f4 Ng4 19. Kh1 Nxe3 20. Qxe3 exf4 21. Qxf4 h6 22. Nf3 Bf6 23. Qe3 Rc8 24. Nb1 Re8 25. Rc4 Bb5 26. Rfc1 Bxc4 27. Rxc4 b5 28. Rc6 Rc8 29. Qc1 Rxc6 30. dxc6 Qc7 31. e5 dxe5 32. Qc5 Rc8 33. Nbd2 Qxc6 34. Nb3 Qd7 35. Qb6 Qd1+ 36. Ng1 Qxb3 37. Qxa6 Qc4 38. h3 Qc6 39. Qa7 e4 40. Qe3 Bg5 41. Qf2 Qc1 42. h4 Be3 0-1

[Event "Sao Sebastiao do Paraiso op 1st"]
[Site "Sao Sebastiao do Paraiso"]
[Date "2017.08.19"]
[Round "4"]
[White "Bergo, Felipe Paulo Guazzi"]
[Black "Bispo, Leonardo"]
[Result "0-1"]
[WhiteElo "1625"]
[BlackElo "2228"]
[PlyCount "78"]
[EventDate "2017.08.18"]
[EventType "swiss"]
[EventRounds "6"]
[EventCountry "BRA"]
[SourceTitle "CBM 180 Extra"]
[Source "ChessBase"]
[SourceDate "2017.10.06"]
[SourceVersion "1"]
[SourceVersionDate "2017.10.06"]
[SourceQuality "1"]

1. e4 e5 2. Nf3 Nf6 3. Nc3 Bb4 4. d3 d5 5. Bd2 d4 6. Ne2 Bd6 7. h3 c5 8. c4 dxc3 9. Nxc3 Nc6 10. Be2 h6 11. 0-0 g5 12. Nh2 Nd4 13. Bg4 Nxg4 14. Nxg4 h5 15. Ne3 g4 16. Nf5 gxh3 17. Nxd6+ Qxd6 18. f4 hxg2 19. Rf2 Bg4 20. fxe5 Qd7 21. Nd5 0-0-0 22. Qc1 b6 23. Qc4 Bf3 24. e6 fxe6 25. Qa6+ Qb7 26. Ne7+ Kb8 27. Bf4+ Ka8 28. Qxb7+ Kxb7 29. Ng6 Rhg8 30. Rxf3 Nxf3+ 31. Kxg2 Nh4+ 32. Kf2 Nxg6 33. Ke3 Nxf4 34. Kxf4 Rxd3 35. Rh1 Rg4+ 36. Ke5 h4 37. Kxe6 Rxe4+ 38. Kf5 Rb4 39. b3 h3 0-1

[Event "Florianopolis Winter Amateur op"]
[Site "Florianopolis"]
[Date "2017.08.12"]
[Round "5"]
[White "Ferraz, Dimitri Vinicius da"]
[Black "Bergo, Felipe Paulo Guazzi"]
[Result "1-0"]
[WhiteElo "1820"]
[BlackElo "1625"]
[PlyCount "123"]
[EventDate "2017.08.11"]
[EventType "swiss"]
[EventRounds "7"]
[EventCountry "BRA"]
[SourceTitle "CBM 180 Extra"]
[Source "ChessBase"]
[SourceDate "2017.10.06"]
[SourceVersion "1"]
[SourceVersionDate "2017.10.06"]
[SourceQuality "1"]

1. d4 Nf6 2. c4 c6 3. Nc3 d5 4. e3 a6 5. Nf3 Bg4 6. Be2 e6 7. h3 Bxf3 8. Bxf3 dxc4 9. Bd2 Bd6 10. b3 cxb3 11. Qxb3 Qc7 12. Rb1 Ra7 13. e4 e5 14. dxe5 Bxe5 15. Be3 Bxc3+ 16. Qxc3 Ra8 17. Qb3 0-0 18. Qxb7 Qxb7 19. Rxb7 Nbd7 20. 0-0 a5 21. Bd4 c5 22. Bxf6 Nxf6 23. Rc7 Rac8 24. Rxc8 Rxc8 25. Rc1 Kf8 26. e5 Ne8 27. Bg4 Rc7 28. Kf1 g6 29. Ke2 h5 30. Bf3 Ke7 31. Ke3 Ng7 32. Bd5 Nf5+ 33. Ke4 f6 34. exf6+ Kxf6 35. g4 hxg4 36. hxg4 Nd6+ 37. Kf4 g5+ 38. Kg3 Ke5 39. Bb3 Ne4+ 40. Kf3 Rc8 41. Ke3 Rh8 42. Rc4 Rh3+ 43. f3 Rxf3+ 44. Kxf3 Nd2+ 45. Ke3 Nxc4+ 46. Bxc4 a4 47. a3 Kd6 48. Bb5 Kd5 49. Kd3 Ke5 50. Bxa4 Kf4 51. Bd7 Ke5 52. a4 Kd6 53. Bf5 Kc6 54. Kc4 Kb6 55. a5+ Kxa5 56. Kxc5 Ka4 57. Kd6 Kb5 58. Ke6 Kc6 59. Kf6 Kd6 60. Kxg5 Ke7 61. Kh6 Kf8 62. Bh7 1-0